Ethics of war shared problems in different traditions
Saved in:
| Main Author: | |
|---|---|
| Format: | Book |
| Tags: |
Add Tag
No Tags, Be the first to tag this record!
|
| Call Number : |
MARC
| LEADER | 00000pam a2200000 4500 | ||
|---|---|---|---|
| 001 | 21629 | ||
| 003 | MY-KLNDU | ||
| 005 | 20241218080734.0 | ||
| 020 | 0 | 0 | |a 9780754654483 |
| 035 | |a 0000036738 | ||
| 039 | 9 | |a 200911181229 |b VLOAD |y 200910091715 |z VLOAD | |
| 100 | 0 | 0 | |a Sarabji |
| 245 | 0 | 0 | |a Ethics of war |b shared problems in different traditions |
| 591 | |a 0000007434 |b 13/02/09 |c 0200-07 |d 1 |e RM595.3 |f 1 |g 595.3 |h Pustaka Darul Warisan Sdn. Bhd. | ||
| 999 | |a vtls000031956 |c 21629 |d 21629 | ||


